American Numbers Blitz Quiz Stats

 Plays Quiz Updated Jan 20, 2017

Challenge
Share
Tweet
Embed
Score 0/24 Timer 02:00
2 Plays Today
Clue Number % Correct
... states50
84%
... stars on the flag50
83.5%
... Great Lakes5
83.2%
... original colonies13
82.7%
... stripes on the flag13
82%
... branches of government3
80.6%
... time zones in which the states lie6
79.5%
... branches of the armed forces5
79.5%
... Presidents44
78.2%
... Supreme Court justices9
74.5%
... coin denominations currently minted6
72.9%
... Senators in the Senate100
72.2%
Clue Number % Correct
... land bordering countries2
72.2%
... paper dollar denominations currently printed7
71%
... amendments in the Bill of Rights10
62.1%
... annual federal holidays10
61.3%
... amendments in the Constitution27
57.2%
... self-governing overseas territories5
55.9%
... Federal Reserve Banks12
42.3%
... articles in the Articles of Confederation13
35.8%
... articles in the Constitution7
35.4%
... voting members of the House of Reps435
33.2%
... federal executive departments15
33%
... signers of the Declaration of Independence56
15.6%

You're not logged in!

Compare scores with friends on all Sporcle quizzes.
OR
Log In

You Might Also Like...

Show Comments

Extras

Top Quizzes Today


Score Distribution

Your Account Isn't Verified!

In order to create a playlist on Sporcle, you need to verify the email address you used during registration. Go to your Sporcle Settings to finish the process.

Report this User

Report this user for behavior that violates our Community Guidelines.

Details: